Statystyki dla Imiona znanych osób #4

Kliknij tutaj aby rozwiązać quiz!

Ogólne statystyki

  • Ten quiz został rozwiązany 135 razy
    (86 od ostatniego zresetowania)
  • Średni wynik to 6 z 10

Statystyki odpowiedzi

ImięNazwisko% Poprawnych
EdSheeran
93%
SteveJobs
79%
BenitoMussolini
75%
GeorgeClooney
74%
AlfredHitchcock
53%
ClaudeMonet
49%
SigmundFreud
45%
AudreyHepburn
43%
EllenDeGeneres
39%
FloydMayweather Jr.
39%

Rozkład punktacji

Percentyl według liczby udzielonych odpowiedzi

Procent ludzi z każdym wynikiem

Twoja historia wyników

Nie rozwiązałeś tego quizu od ostatniego zresetowania